History Quiz

Random History or Country Quiz

UN Security Council Members Quiz Stats

Quiz Updated Dec 12, 2014

Challenge
Share
Tweet
Embed
Score 0/5 Timer 00:30
1 Play Today
Country % Correct
United States
99.2%
United Kingdom
96.3%
France
96%
Russia
95%
China
93.9%

You're not logged in!

Compare scores with friends on all Sporcle quizzes.
Sign Up with Email
OR
Log In

You Might Also Like...

Show Comments

Extras

Top Quizzes Today


Score Distribution

Your Account Isn't Verified!

In order to create a playlist on Sporcle, you need to verify the email address you used during registration. Go to your Sporcle Settings to finish the process.